Enfoques alternativos para el análisis del empleo en los países en vías de desarrollo (Registro nro. 24831)

Detalles MARC
000 -LEADER
fixed length control field 00372 a2200109 4500
001 - CONTROL NUMBER
control field ART_10988
005 - DATE AND TIME OF LATEST TRANSACTION
control field 20260410161849.0
008 - FIXED-LENGTH DATA ELEMENTS--GENERAL INFORMATION
fixed length control field 260409a
100 1# - MAIN ENTRY--PERSONAL NAME
Personal name Neffa, Julio César
245 10 - TITLE STATEMENT
Title Enfoques alternativos para el análisis del empleo en los países en vías de desarrollo
773 0# - HOST ITEM ENTRY
Title Económica
Related parts - Año XXX, Nº 1 (ene./abr. 1984)
Record control number REV7541

No hay ítems disponibles.